Vornamen aus der Fußball-Bundesliga 2023/24 - Statistiken

Allgemein
  • Dieses Quiz wurde 759 mal gespielt
  • Das Durchschnittsergebnis liegt bei 12 aus 18
Antwortstatistiken
Nachname Verein Vorname % Korrekt
Gnabry Bayern München Serge
98%
Hummels Borussia Dortmund Mats
97%
Knauff Eintracht Frankfurt Ansgar
87%
Henrichs RB Leipzig Benjamin
87%
Führich VfB Stuttgart Chris
86%
Keita Werder Bremen Naby
82%
Casteels VfL Wolfsburg Koen
77%
Boniface Bayer Leverkusen Victor
76%
Gregoritsch SC Freiburg Michael
73%
Prömel TSG Hoffenheim Grischa
71%
Katterbach 1. FC Köln Noah
63%
Scally Borussia Mönchengladbach Joe
61%
Tousart Union Berlin Lucas
56%
Müller 1. FC Heidenheim Kevin
53%
van den Berg FSV Mainz 05 Sepp
53%
Osterhage VfL Bochum Patrick
42%
Isherwood SV Darmstadt 98 Thomas
39%
Breithaupt FC Augsburg Tim
37%
Keine übereinstimmenden Quizze gefunden
Verteilung der Resultate
Anzahl Personen mit jedem Resultat
Perzentil nach korrekt beantworteten Fragen
Ihre Resultats-Entwicklung
Sie haben dieses Quiz noch nicht gespielt